[Event "Regionalliga NW 1617"]
[Site "Bayern"]
[Date "2017.03.19"]
[Round "7.5"]
[White "Scheidt, Joerg"]
[Black "Hempfling, Herbert"]
[Result "1-0"]
[WhiteElo "1957"]
[BlackElo "1708"]
[PlyCount "65"]
[EventDate "2016.10.16"]
[EventType "team-tourn"]
[EventRounds "9"]
[EventCountry "GER"]
[SourceTitle "EXT 2019"]
[Source "ChessBase"]
[SourceDate "2018.10.10"]
[SourceVersion "1"]
[SourceVersionDate "2018.10.10"]
[SourceQuality "1"]
[WhiteTeam "Hof PTSV"]
[BlackTeam "Weidhausen"]
[WhiteTeamCountry "GER"]
[BlackTeamCountry "GER"]

1. e4 e6 2. d3 d5 3. Nd2 c5 4. Ngf3 Nc6 5. g3 Nf6 6. Bg2 Qc7 7. 0-0 d4 8. a4 e5 9. h3 h6 10. Nc4 Be6 11. b3 Be7 12. Bd2 0-0 13. Nh4 Qd7 14. Kh2 Kh7 15. f4 exf4 16. gxf4 Rg8 17. Nf3 g6 18. Qe2 Ne8 19. Rae1 Nd6 20. Nce5 Nxe5 21. Nxe5 Qd8 22. f5 gxf5 23. exf5 Nxf5 24. Be4 Bh4 25. Rxf5 Bg3+ 26. Kh1 Bxf5 27. Bxf5+ Kg7 28. Qg4+ Kf6 29. Nd7+ Qxd7 30. Bxd7 Rxg4 31. Rf1+ Ke7 32. Bxg4 Rh8 33. Rf5 1-0

[Event "Oberfranken-ch M 0405"]
[Site "Schney"]
[Date "2005.01.06"]
[Round "9"]
[White "Soeder, Thomas1111"]
[Black "Hempfling, Herbert"]
[Result "1/2-1/2"]
[WhiteElo "1923"]
[BlackElo "1815"]
[PlyCount "24"]
[EventDate "2005.01.02"]
[EventType "swiss"]
[EventRounds "9"]
[EventCountry "GER"]
[SourceTitle "EXT 2015"]
[Source "ChessBase"]
[SourceDate "2014.11.20"]
[SourceVersion "1"]
[SourceVersionDate "2014.11.20"]
[SourceQuality "1"]

1. Nf3 e6 2. g3 d5 3. Bg2 Nf6 4. 0-0 c5 5. d3 Nc6 6. c3 Be7 7. Qc2 0-0 8. e4 d4 9. Nbd2 e5 10. Nc4 Qc7 11. a4 Be6 12. Nh4 Rfd8 1/2-1/2

[Event "Oberfranken-ch M 0405"]
[Site "Schney"]
[Date "2005.01.05"]
[Round "8"]
[White "Hempfling, Herbert"]
[Black "Rotter, Stefan"]
[Result "0-1"]
[WhiteElo "1815"]
[BlackElo "1746"]
[PlyCount "62"]
[EventDate "2005.01.02"]
[EventType "swiss"]
[EventRounds "9"]
[EventCountry "GER"]
[SourceTitle "EXT 2015"]
[Source "ChessBase"]
[SourceDate "2014.11.20"]
[SourceVersion "1"]
[SourceVersionDate "2014.11.20"]
[SourceQuality "1"]

1. e4 c6 2. d4 d5 3. Nc3 dxe4 4. Nxe4 Bf5 5. Ng3 Bg6 6. Bc4 e6 7. Nf3 Nd7 8. Qe2 Ngf6 9. Bf4 Be7 10. Rd1 0-0 11. Ne5 Nxe5 12. dxe5 Nd5 13. 0-0 Nxf4 14. Qf3 Nd5 15. Bxd5 cxd5 16. c4 Qb6 17. cxd5 exd5 18. b3 Rad8 19. Rxd5 Rxd5 20. Qxd5 Rd8 21. Qf3 Qc7 22. Qf4 f6 23. Rc1 Qxe5 24. Qc4+ Bf7 25. Qg4 g6 26. Nf1 f5 27. Qa4 Bc5 28. Qh4 Qd4 29. g4 Bb6 30. Ne3 Qe4 31. Re1 Bd5 0-1

[Event "Oberfranken-ch M 0405"]
[Site "Schney"]
[Date "2005.01.04"]
[Round "6"]
[White "Weigand, Hans Christian"]
[Black "Hempfling, Herbert"]
[Result "1-0"]
[WhiteElo "1960"]
[BlackElo "1815"]
[PlyCount "95"]
[EventDate "2005.01.02"]
[EventType "swiss"]
[EventRounds "9"]
[EventCountry "GER"]
[SourceTitle "EXT 2015"]
[Source "ChessBase"]
[SourceDate "2014.11.20"]
[SourceVersion "1"]
[SourceVersionDate "2014.11.20"]
[SourceQuality "1"]

1. c4 Nf6 2. Nc3 g6 3. g3 Bg7 4. Bg2 0-0 5. d4 e6 6. Bg5 c6 7. e4 Qb6 8. Qd2 Ne8 9. Nge2 f6 10. Be3 Qd8 11. h4 Nd6 12. b3 a5 13. Rd1 Nf7 14. d5 f5 15. Na4 b5 16. cxb5 cxb5 17. Nb6 Ra6 18. dxe6 Ne5 19. Nxc8 Qxc8 20. exd7 Nbxd7 21. exf5 Rxf5 22. f4 Ng4 23. Bh3 Ndf6 24. Qd8+ Qxd8 25. Rxd8+ Kf7 26. Bd4 h5 27. Bxg4 hxg4 28. Be5 Ke7 29. Rb8 Nh5 30. Rb7+ Kf8 31. Bxg7+ Nxg7 32. Kf2 Rc5 33. Rd1 Rc2 34. Rd8+ Ne8 35. Rxb5 Re6 36. Re5 Rxe5 37. fxe5 Rxa2 38. Ke3 Ke7 39. Ra8 Nc7 40. Ra7 Kd8 41. Nd4 Ra1 42. Kf4 Rd1 43. Nc6+ Kc8 44. Ne7+ Kb8 45. Rxa5 Ne6+ 46. Kxg4 Rd4+ 47. Kh3 g5 48. Nc6+ 1-0

[Event "Oberfranken-ch M 0405"]
[Site "Schney"]
[Date "2005.01.02"]
[Round "1"]
[White "Duetsch, Gerald"]
[Black "Hempfling, Herbert"]
[Result "1/2-1/2"]
[WhiteElo "2006"]
[BlackElo "1815"]
[PlyCount "113"]
[EventDate "2005.01.02"]
[EventType "swiss"]
[EventRounds "9"]
[EventCountry "GER"]
[SourceTitle "EXT 2015"]
[Source "ChessBase"]
[SourceDate "2014.11.20"]
[SourceVersion "1"]
[SourceVersionDate "2014.11.20"]
[SourceQuality "1"]

1. d4 Nf6 2. Nf3 e6 3. Bg5 Be7 4. e3 0-0 5. Be2 d5 6. 0-0 c5 7. dxc5 Bxc5 8. c4 Be7 9. Nc3 dxc4 10. Qxd8 Rxd8 11. Rad1 Bd7 12. Ne5 Bc6 13. Rxd8+ Bxd8 14. Rd1 Be7 15. Bxc4 Kf8 16. h3 a6 17. a3 Be8 18. Be2 Nc6 19. Nf3 Rc8 20. Bf4 Nd7 21. Bd6 Bxd6 22. Rxd6 Ke7 23. Rd1 f6 24. Kf1 Nce5 25. Nxe5 Nxe5 26. f4 Nc4 27. Bxc4 Rxc4 28. Kf2 Bc6 29. Rd2 Rc5 30. g3 b5 31. Ne2 e5 32. Nc3 a5 33. Ne2 b4 34. axb4 axb4 35. fxe5 fxe5 36. g4 g6 37. Kg3 Bd5 38. Kf2 Ke6 39. Ng3 Rc1 40. e4 Bc6 41. Ke3 Bb5 42. Kf2 Rc7 43. Ke3 Rf7 44. Rd5 Ba4 45. Ra5 Bc6 46. Rc5 Kd6 47. Rc4 Rb7 48. Ne2 Bd7 49. Nc1 Be6 50. Rc2 b3 51. Rc3 Rb4 52. Nd3 Ra4 53. Nc1 Ra1 54. Nxb3 Ra2 55. Nc5 Rxb2 56. Nxe6 Kxe6 57. Kf3 1/2-1/2